Social security and the real economy (Registro nro. 30644)
[ vista simple ]
| 000 -CABECERA | |
|---|---|
| Longitud fija campo de control | 02293naa a2200481 c 4500 |
| 001 - NÚMERO DE CONTROL | |
| Número de control | 30644 |
| 003 - IDENTIFICADOR DE NÚMERO DE CONTROL | |
| Identificador del número de control | ES-MaCES |
| 005 - FECHA Y HORA DE LA ÚLTIMA TRANSACCIÓN | |
| Fecha y hora de la última transacción | 20130604143500.0 |
| 008 - CAMPO FIJO DE DESCRIPCIÓN FIJA--INFORMACIÓN GENERAL | |
| Códigos de información de longitud fija | 980924n1998 xxu ||| | eng d |
| 035 ## - NÚMERO DE CONTROL DEL SISTEMA | |
| Número de control del sistema | CES19980045953v |
| 040 ## - FUENTE DE CATALOGACIÓN | |
| Centro catalogador de origen | ES-MaCES |
| Lengua de catalogación | spa |
| Centro transcriptor | ES-MaCES |
| 245 00 - MENCIÓN DE TÍTULO | |
| Título | Social security and the real economy |
| Resto del título | : evidence and policy implications |
| Mención de responsabilidad, etc. | by Laurence J. Kotlikoff... [et al.] |
| 500 ## - NOTA GENERAL | |
| Nota general | Contiene gráf. |
| 500 ## - NOTA GENERAL | |
| Nota general | Capítulo de las ponencias presentadas al 'Hundred and Thenth Annual Meeting of the American Economic Association', Chicago, IL, January 3-5, 1998 |
| 504 ## - NOTA DE BIBLIOGRAFÍA, ETC. | |
| Nota de bibliografía, etc. | Bibliografía |
| 505 0# - NOTA DE CONTENIDO FORMATEADA | |
| Nota de contenido con formato | Incluye: Social security, privatization and progressivity / by Laurence J. Kotlikoff, Kent A. Smetters, and Jan Walliser ; Perspectives on the social security crisis and proposed solutions / by Kevin M. Murphy and Finis Welch ; Social security and the real economy, an inquiry into some neglected issues / by Isaac Ehrlich and Jian-Guo Zhong |
| 650 #4 - ASIENTO SECUNDARIO DE MATERIA--TÉRMINO DE MATERIA | |
| Término de materia o nombre geográfico como elemento inicial | cuadros estadísticos |
| 9 (RLIN) | 28890 |
| 650 #4 - ASIENTO SECUNDARIO DE MATERIA--TÉRMINO DE MATERIA | |
| Término de materia o nombre geográfico como elemento inicial | modelo económico |
| 9 (RLIN) | 27074 |
| 650 #4 - ASIENTO SECUNDARIO DE MATERIA--TÉRMINO DE MATERIA | |
| Término de materia o nombre geográfico como elemento inicial | Estados Unidos |
| 9 (RLIN) | 28373 |
| 650 #4 - ASIENTO SECUNDARIO DE MATERIA--TÉRMINO DE MATERIA | |
| Término de materia o nombre geográfico como elemento inicial | familia |
| 9 (RLIN) | 27318 |
| 650 #4 - ASIENTO SECUNDARIO DE MATERIA--TÉRMINO DE MATERIA | |
| Término de materia o nombre geográfico como elemento inicial | consecuencias económicas |
| 9 (RLIN) | 27082 |
| 650 #4 - ASIENTO SECUNDARIO DE MATERIA--TÉRMINO DE MATERIA | |
| Término de materia o nombre geográfico como elemento inicial | pago de prestaciones |
| 9 (RLIN) | 30465 |
| 650 #4 - ASIENTO SECUNDARIO DE MATERIA--TÉRMINO DE MATERIA | |
| Término de materia o nombre geográfico como elemento inicial | financiación de la seguridad social |
| 9 (RLIN) | 30265 |
| 650 #4 - ASIENTO SECUNDARIO DE MATERIA--TÉRMINO DE MATERIA | |
| Término de materia o nombre geográfico como elemento inicial | administración de la seguridad social |
| 9 (RLIN) | 30264 |
| 650 #4 - ASIENTO SECUNDARIO DE MATERIA--TÉRMINO DE MATERIA | |
| Término de materia o nombre geográfico como elemento inicial | seguridad social |
| 9 (RLIN) | 27034 |
| 650 #4 - ASIENTO SECUNDARIO DE MATERIA--TÉRMINO DE MATERIA | |
| Término de materia o nombre geográfico como elemento inicial | privatización |
| 9 (RLIN) | 29788 |
| 653 10 - TÉRMINO DE INDEXACIÓN--NO CONTROLADO | |
| Término no controlado | Seguridad Social |
| 700 1# - ENCABEZAMIENTO SECUNDARIO--NOMBRE PERSONAL | |
| Nombre de persona | Zhong, Jian-Guo |
| 9 (RLIN) | 26568 |
| 700 1# - ENCABEZAMIENTO SECUNDARIO--NOMBRE PERSONAL | |
| Nombre de persona | Ehrlich, Isaac |
| 9 (RLIN) | 11185 |
| 700 1# - ENCABEZAMIENTO SECUNDARIO--NOMBRE PERSONAL | |
| Nombre de persona | Welch, Finis |
| 9 (RLIN) | 26212 |
| 700 1# - ENCABEZAMIENTO SECUNDARIO--NOMBRE PERSONAL | |
| Nombre de persona | Murphy, Kevin M. |
| 9 (RLIN) | 19420 |
| 700 1# - ENCABEZAMIENTO SECUNDARIO--NOMBRE PERSONAL | |
| Nombre de persona | Walliser, Jan |
| 9 (RLIN) | 26121 |
| 700 1# - ENCABEZAMIENTO SECUNDARIO--NOMBRE PERSONAL | |
| Nombre de persona | Smetters, Kent A. |
| 9 (RLIN) | 24155 |
| 700 1# - ENCABEZAMIENTO SECUNDARIO--NOMBRE PERSONAL | |
| Nombre de persona | Kotlikoff, Laurence J. |
| 9 (RLIN) | 15927 |
| 710 2# - ENCABEZAMIENTO SECUNDARIO--NOMBRE CORPORATIVO | |
| Nombre de entidad o nombre de jurisdicción como elemento inicial | American Economic Association |
| Unidad subordinada | Annual Meeting |
| Número del congreso o número de parte o sección de la obra | 110ª |
| Fecha del congreso o de la firma de un tratado | 1998 |
| Sede del congreso | Chicago |
| 9 (RLIN) | 1307 |
| 740 02 - ENCABEZAMIENTO SECUNDARIO--TÍTULO ANALÍTICO/RELACIONADO NO CONTROLADO | |
| Título relacionado o analítico no controlado | Social security and the real economy, an inquiry into some neglected issues |
| 740 02 - ENCABEZAMIENTO SECUNDARIO--TÍTULO ANALÍTICO/RELACIONADO NO CONTROLADO | |
| Título relacionado o analítico no controlado | Perspectives on the social security crisis and proposed solutions |
| 740 02 - ENCABEZAMIENTO SECUNDARIO--TÍTULO ANALÍTICO/RELACIONADO NO CONTROLADO | |
| Título relacionado o analítico no controlado | Social security, privatization and progressivity |
| 773 0# - ENTRADA DE DOCUMENTO FUENTE | |
| Título | The American economic review |
| Parte(s) relacionada(s) | Nashville, Tennessee. - Vol. 88, no. 2 (May 1998) ; p. 137-157 |
| Número de control del registro relacionado | (ES-MaCES)25404 |
| 902 ## - CES. TIPO DE DOCUMENTO | |
| Tipodoc (006$c Sirtex) | ART Artículo de revista |
| 942 ## - ELEMENTOS KOHA | |
| Fuente de clasificaión o esquema | Clasificación propia del CES |
| Koha [por defecto] tipo de item | Artículos (1982-2017) |
| Parte de clasificación | 3.0. |
No hay ítems disponibles.
